<?xml version="1.0" encoding="UTF-8"?>
<record
    xmlns:xsi="http://www.w3.org/2001/XMLSchema-instance"
    xsi:schemaLocation="http://www.loc.gov/MARC21/slim http://www.loc.gov/standards/marcxml/schema/MARC21slim.xsd"
    xmlns="http://www.loc.gov/MARC21/slim">

  <leader>03096    a2200265   4500</leader>
  <controlfield tag="003">NALT</controlfield>
  <controlfield tag="005">20250606163603.0</controlfield>
  <controlfield tag="008">230411b        th ||||| |||| 00| 0 tha d</controlfield>
  <datafield tag="020" ind1=" " ind2=" ">
    <subfield code="a">9786165811309</subfield>
  </datafield>
  <datafield tag="040" ind1=" " ind2=" ">
    <subfield code="a">NALT</subfield>
  </datafield>
  <datafield tag="090" ind1=" " ind2=" ">
    <subfield code="a">KS 38</subfield>
    <subfield code="b">&#xE1C;951&#xE04; 2565</subfield>
  </datafield>
  <datafield tag="100" ind1="0" ind2=" ">
    <subfield code="a">&#xE44;&#xE1C;&#xE17;&#xE0A;&#xE34;&#xE15; &#xE40;&#xE2D;&#xE01;&#xE08;&#xE23;&#xE34;&#xE22;&#xE01;&#xE23;.</subfield>
    <subfield code="9">18922</subfield>
  </datafield>
  <datafield tag="245" ind1="1" ind2="0">
    <subfield code="a">&#xE04;&#xE33;&#xE2D;&#xE18;&#xE34;&#xE1A;&#xE32;&#xE22; &#xE0B;&#xE37;&#xE49;&#xE2D;&#xE02;&#xE32;&#xE22; &#xE41;&#xE25;&#xE01;&#xE40;&#xE1B;&#xE25;&#xE35;&#xE48;&#xE22;&#xE19; &#xE43;&#xE2B;&#xE49; /</subfield>
    <subfield code="c">&#xE44;&#xE1C;&#xE17;&#xE0A;&#xE34;&#xE15; &#xE40;&#xE2D;&#xE01;&#xE08;&#xE23;&#xE34;&#xE22;&#xE01;&#xE23;.</subfield>
  </datafield>
  <datafield tag="250" ind1=" " ind2=" ">
    <subfield code="a">&#xE1E;&#xE34;&#xE21;&#xE1E;&#xE4C;&#xE04;&#xE23;&#xE31;&#xE49;&#xE07;&#xE17;&#xE35;&#xE48; 12 &#xE41;&#xE01;&#xE49;&#xE44;&#xE02;&#xE40;&#xE1E;&#xE34;&#xE48;&#xE21;&#xE40;&#xE15;&#xE34;&#xE21;.</subfield>
  </datafield>
  <datafield tag="260" ind1=" " ind2=" ">
    <subfield code="a">&#xE01;&#xE23;&#xE38;&#xE07;&#xE40;&#xE17;&#xE1E;&#xE2F; :</subfield>
    <subfield code="b">&#xE27;&#xE34;&#xE0D;&#xE0D;&#xE39;&#xE0A;&#xE19;,</subfield>
    <subfield code="c">2565.</subfield>
  </datafield>
  <datafield tag="300" ind1=" " ind2=" ">
    <subfield code="a">502 &#xE2B;&#xE19;&#xE49;&#xE32; :</subfield>
    <subfield code="b">&#xE41;&#xE1C;&#xE19;&#xE20;&#xE32;&#xE1E; ;</subfield>
    <subfield code="c">26 &#xE0B;&#xE21;.</subfield>
  </datafield>
  <datafield tag="505" ind1="1" ind2=" ">
    <subfield code="a">&#xE1A;&#xE17;&#xE17;&#xE35;&#xE48; 1 &#xE2A;&#xE31;&#xE0D;&#xE0D;&#xE32;&#xE0B;&#xE37;&#xE49;&#xE2D;&#xE02;&#xE32;&#xE22; (Sale) -- 1.1 &#xE21;&#xE39;&#xE25;&#xE40;&#xE2B;&#xE15;&#xE38;&#xE43;&#xE19;&#xE01;&#xE32;&#xE23;&#xE17;&#xE33;&#xE2A;&#xE31;&#xE0D;&#xE0D;&#xE32;&#xE0B;&#xE37;&#xE49;&#xE2D;&#xE02;&#xE32;&#xE22; -- 1.2 &#xE04;&#xE27;&#xE32;&#xE21;&#xE2B;&#xE21;&#xE32;&#xE22;&#xE41;&#xE25;&#xE30;&#xE2A;&#xE32;&#xE23;&#xE30;&#xE2A;&#xE33;&#xE04;&#xE31;&#xE0D;&#xE02;&#xE2D;&#xE07;&#xE2A;&#xE31;&#xE0D;&#xE0D;&#xE32;&#xE0B;&#xE37;&#xE49;&#xE2D;&#xE02;&#xE32;&#xE22; -- 1.3 &#xE1B;&#xE23;&#xE30;&#xE40;&#xE20;&#xE17;&#xE02;&#xE2D;&#xE07;&#xE19;&#xE34;&#xE15;&#xE34;&#xE01;&#xE23;&#xE23;&#xE21;&#xE40;&#xE01;&#xE35;&#xE48;&#xE22;&#xE27;&#xE01;&#xE31;&#xE1A;&#xE01;&#xE32;&#xE23;&#xE0B;&#xE37;&#xE49;&#xE2D;&#xE02;&#xE32;&#xE22; -- 1.4 &#xE41;&#xE1A;&#xE1A;&#xE41;&#xE25;&#xE30;&#xE2B;&#xE25;&#xE31;&#xE01;&#xE40;&#xE01;&#xE13;&#xE11;&#xE4C;&#xE43;&#xE19;&#xE01;&#xE32;&#xE23;&#xE17;&#xE33;&#xE2A;&#xE31;&#xE0D;&#xE0D;&#xE32;&#xE0B;&#xE37;&#xE49;&#xE2D;&#xE02;&#xE32;&#xE22; -- 1.5 &#xE01;&#xE32;&#xE23;&#xE42;&#xE2D;&#xE19;&#xE01;&#xE23;&#xE23;&#xE21;&#xE2A;&#xE34;&#xE17;&#xE18;&#xE34;&#xE4C;&#xE43;&#xE19;&#xE17;&#xE23;&#xE31;&#xE1E;&#xE22;&#xE4C;&#xE2A;&#xE34;&#xE19;&#xE17;&#xE35;&#xE48;&#xE0B;&#xE37;&#xE49;&#xE2D;&#xE02;&#xE32;&#xE22; -- 1.6 &#xE2B;&#xE19;&#xE49;&#xE32;&#xE17;&#xE35;&#xE48; &#xE04;&#xE27;&#xE32;&#xE21;&#xE23;&#xE31;&#xE1A;&#xE1C;&#xE34;&#xE14; -- 1.7 &#xE2B;&#xE19;&#xE49;&#xE32;&#xE17;&#xE35;&#xE48;&#xE02;&#xE2D;&#xE07;&#xE1C;&#xE39;&#xE49;&#xE0B;&#xE37;&#xE49;&#xE2D; -- 1.8 &#xE01;&#xE32;&#xE23;&#xE0B;&#xE37;&#xE49;&#xE2D;&#xE02;&#xE32;&#xE22;&#xE40;&#xE09;&#xE1E;&#xE32;&#xE30;&#xE2D;&#xE22;&#xE48;&#xE32;&#xE07; -- &#xE1A;&#xE17;&#xE17;&#xE35;&#xE48; 2 &#xE2A;&#xE31;&#xE0D;&#xE0D;&#xE32;&#xE41;&#xE25;&#xE01;&#xE40;&#xE1B;&#xE25;&#xE35;&#xE48;&#xE22;&#xE19; (Exchange) -- 2.1 &#xE04;&#xE27;&#xE32;&#xE21;&#xE2B;&#xE21;&#xE32;&#xE22;&#xE41;&#xE25;&#xE30;&#xE2A;&#xE32;&#xE23;&#xE30;&#xE2A;&#xE33;&#xE04;&#xE31;&#xE0D;&#xE02;&#xE2D;&#xE07;&#xE2A;&#xE31;&#xE0D;&#xE0D;&#xE32;&#xE41;&#xE25;&#xE01;&#xE40;&#xE1B;&#xE25;&#xE35;&#xE48;&#xE22;&#xE19; -- 2.2 &#xE01;&#xE32;&#xE23;&#xE19;&#xE33;&#xE1A;&#xE17;&#xE1A;&#xE31;&#xE0D;&#xE0D;&#xE31;&#xE15;&#xE34;&#xE43;&#xE19;&#xE40;&#xE23;&#xE37;&#xE48;&#xE2D;&#xE07;&#xE0B;&#xE37;&#xE49;&#xE2D;&#xE02;&#xE32;&#xE22;&#xE21;&#xE32;&#xE43;&#xE0A;&#xE49; - &#xE1B;&#xE23;&#xE30;&#xE40;&#xE20;&#xE17;&#xE02;&#xE2D;&#xE07;&#xE2A;&#xE31;&#xE0D;&#xE0D;&#xE32;&#xE41;&#xE25;&#xE01;&#xE40;&#xE1B;&#xE25;&#xE35;&#xE48;&#xE22;&#xE19; -- &#xE1A;&#xE17;&#xE17;&#xE35;&#xE48; 3 &#xE2A;&#xE31;&#xE0D;&#xE0D;&#xE32;&#xE43;&#xE2B;&#xE49; (Gift) - 3.1 &#xE21;&#xE39;&#xE25;&#xE40;&#xE2B;&#xE15;&#xE38;&#xE43;&#xE19;&#xE01;&#xE32;&#xE23;&#xE43;&#xE2B;&#xE49;&#xE17;&#xE23;&#xE31;&#xE1E;&#xE22;&#xE4C;&#xE2A;&#xE34;&#xE19; - 3.2 &#xE04;&#xE27;&#xE32;&#xE21;&#xE2B;&#xE21;&#xE32;&#xE22;&#xE41;&#xE25;&#xE30;&#xE2A;&#xE32;&#xE23;&#xE30;&#xE2A;&#xE33;&#xE04;&#xE31;&#xE0D;&#xE02;&#xE2D;&#xE07;&#xE2A;&#xE31;&#xE0D;&#xE0D;&#xE32;&#xE43;&#xE2B;&#xE49; -- 3.3 &#xE41;&#xE1A;&#xE1A;&#xE43;&#xE19;&#xE01;&#xE32;&#xE23;&#xE43;&#xE2B;&#xE49; -- 3.4 &#xE01;&#xE32;&#xE23;&#xE40;&#xE23;&#xE35;&#xE22;&#xE01;&#xE43;&#xE2B;&#xE49;&#xE2A;&#xE48;&#xE07;&#xE17;&#xE23;&#xE31;&#xE1E;&#xE22;&#xE4C;&#xE2A;&#xE34;&#xE19;&#xE17;&#xE35;&#xE48;&#xE43;&#xE2B;&#xE49;&#xE04;&#xE37;&#xE19; -- 3.5 &#xE01;&#xE32;&#xE23;&#xE16;&#xE2D;&#xE19;&#xE04;&#xE37;&#xE19;&#xE01;&#xE32;&#xE23;&#xE43;&#xE2B;&#xE49; -- &#xE1E;&#xE23;&#xE30;&#xE23;&#xE32;&#xE0A;&#xE1A;&#xE31;&#xE0D;&#xE0D;&#xE31;&#xE15;&#xE34;&#xE04;&#xE38;&#xE49;&#xE21;&#xE04;&#xE23;&#xE2D;&#xE07;&#xE1B;&#xE23;&#xE30;&#xE0A;&#xE32;&#xE0A;&#xE19;&#xE43;&#xE19;&#xE01;&#xE32;&#xE23;&#xE17;&#xE33;&#xE2A;&#xE31;&#xE0D;&#xE0D;&#xE32;&#xE02;&#xE32;&#xE22;&#xE1D;&#xE32;&#xE01;&#xE17;&#xE35;&#xE48;&#xE14;&#xE34;&#xE19;&#xE40;&#xE1E;&#xE37;&#xE48;&#xE2D;&#xE40;&#xE01;&#xE29;&#xE15;&#xE23;&#xE01;&#xE23;&#xE23;&#xE21;&#xE2B;&#xE23;&#xE37;&#xE2D;&#xE17;&#xE35;&#xE48;&#xE2D;&#xE22;&#xE39;&#xE48;&#xE2D;&#xE32;&#xE28;&#xE31;&#xE22; &#xE1E;.&#xE28;. 2562.</subfield>
  </datafield>
  <datafield tag="650" ind1=" " ind2="4">
    <subfield code="9">29086</subfield>
    <subfield code="a">&#xE01;&#xE0E;&#xE2B;&#xE21;&#xE32;&#xE22;&#xE41;&#xE1E;&#xE48;&#xE07;&#xE41;&#xE25;&#xE30;&#xE1E;&#xE32;&#xE13;&#xE34;&#xE0A;&#xE22;&#xE4C; </subfield>
    <subfield code="x">&#xE0B;&#xE37;&#xE49;&#xE2D;&#xE02;&#xE32;&#xE22;</subfield>
  </datafield>
  <datafield tag="650" ind1=" " ind2="4">
    <subfield code="9">29087</subfield>
    <subfield code="a">&#xE01;&#xE0E;&#xE2B;&#xE21;&#xE32;&#xE22;&#xE41;&#xE1E;&#xE48;&#xE07;&#xE41;&#xE25;&#xE30;&#xE1E;&#xE32;&#xE13;&#xE34;&#xE0A;&#xE22;&#xE4C;</subfield>
    <subfield code="x">&#xE41;&#xE25;&#xE01;&#xE40;&#xE1B;&#xE25;&#xE35;&#xE48;&#xE22;&#xE19;</subfield>
  </datafield>
  <datafield tag="650" ind1=" " ind2="4">
    <subfield code="9">51548</subfield>
    <subfield code="a">&#xE01;&#xE0E;&#xE2B;&#xE21;&#xE32;&#xE22;&#xE41;&#xE1E;&#xE48;&#xE07;&#xE41;&#xE25;&#xE30;&#xE1E;&#xE32;&#xE13;&#xE34;&#xE0A;&#xE22;&#xE4C;</subfield>
    <subfield code="x">&#xE43;&#xE2B;&#xE49;</subfield>
  </datafield>
  <datafield tag="850" ind1=" " ind2=" ">
    <subfield code="a">NALT</subfield>
  </datafield>
  <datafield tag="942" ind1=" " ind2=" ">
    <subfield code="2">local</subfield>
    <subfield code="c">LB</subfield>
  </datafield>
  <datafield tag="996" ind1=" " ind2=" ">
    <subfield code="a">areerat.v</subfield>
    <subfield code="b">CATSTF	</subfield>
    <subfield code="c">2023-04-11</subfield>
  </datafield>
  <datafield tag="999" ind1=" " ind2=" ">
    <subfield code="c">101684</subfield>
    <subfield code="d">101684</subfield>
  </datafield>
  <datafield tag="998" ind1=" " ind2=" ">
    <subfield code="j">1020</subfield>
    <subfield code="k"> &#xE19;&#xE32;&#xE07;&#xE08;&#xE33;&#xE40;&#xE23;&#xE35;&#xE22;&#xE07;  &#xE23;&#xE30;&#xE27;&#xE31;&#xE07;&#xE2A;&#xE33;&#xE42;&#xE23;&#xE07;</subfield>
  </datafield>
  <datafield tag="952" ind1=" " ind2=" ">
    <subfield code="0">0</subfield>
    <subfield code="1">0</subfield>
    <subfield code="2">local</subfield>
    <subfield code="4">0</subfield>
    <subfield code="7">0</subfield>
    <subfield code="8">CLAW</subfield>
    <subfield code="a">NALT</subfield>
    <subfield code="b">NALT</subfield>
    <subfield code="c">LAW</subfield>
    <subfield code="d">2023-04-06</subfield>
    <subfield code="e">23</subfield>
    <subfield code="l">3</subfield>
    <subfield code="m">1</subfield>
    <subfield code="o">KS 38 &#xE1C;951&#xE04; 2565</subfield>
    <subfield code="p">3961213649</subfield>
    <subfield code="r">2025-09-03 00:00:00</subfield>
    <subfield code="s">2024-06-11</subfield>
    <subfield code="w">2023-04-06</subfield>
    <subfield code="y">LB</subfield>
  </datafield>
</record>
